Wszystkie wsie i miasta w powiecie Bolesławieckim - Statystyki

Ogólne statystyki
  • Ten quiz został rozwiązany 22 razy
  • Średni wynik to 11 z 32
Statystyki odpowiedzi
Odpowiedź % Poprawnych
Bolesławiec
84%
kruszyn
58%
Bolesławice
53%
otok
53%
Brzeźnik
47%
dobra
47%
krasnik gorny
47%
krasnik gorny
47%
Bożejowice
37%
dabrowa boleslawiecka
37%
łąka
37%
laziska
37%
kraszowice
32%
nowa
32%
nowe jaroszowice
32%
ocice
32%
Stare Jaroszowice
32%
golnice
26%
krepnica
26%
parkoszów
26%
trzebień
26%
żeliszów
26%
mierzwin
21%
nowa wieś
21%
rakowice
21%
stara oleszna
21%
suszki
21%
Chościszowice
16%
kozłów
16%
lipiany
16%
trzebień maly
16%
pstrąże
11%
Nie znaleziono quizów pasujących do podanych kryteriów
Rozkład punktacji
Procent ludzi z każdym wynikiem
Percentyl według liczby udzielonych odpowiedzi
Twoja historia wyników
Nie rozwiązałeś tego quizu